000 00489nam a2200181Ia 4500
005 20250508152452.0
008 008 250505s9999 xx 000 0 eng d
037 _aTextual
040 _aFEDL
_beng
_cFEDL
041 _aeng
_2eng
084 _a954.1, BOS
_qFEDL
100 _aBose Nirmal Kumar
245 0 _aModern bengal
260 _aCalcutta, India
_bVidyodaya Library Private Limited
300 _a98p.
942 _cTEXL
_h954.1, BOS
999 _c1336621
_d1336621